Business Systems Research International Journal of the Society for Advancing Innovation and Research in Economy

Na minha lista:
Detalhes bibliográficos
Formato: Periódico
Idioma:inglês
Publicado em: Zagreb IRENET- Society for Advancing Innovation and Research in Economy
Tags: Adicionar Tag
Sem tags, seja o primeiro a adicionar uma tag!

MARC

LEADER 00000nas1a2200000 4500
001 0304298
005 20250627113028.7
022 |a 1847-8344 
022 |a 1847-9375 
041 0 |a eng 
044 |a HR 
245 1 0 |a Business Systems Research  |b International Journal of the Society for Advancing Innovation and Research in Economy 
264 1 |a Zagreb  |b IRENET- Society for Advancing Innovation and Research in Economy